SOLVED EXAMINATION SERIES MEDICAL SURGICAL NURSING-1 FOR GNM 2ND YEAR (Record no. 18252)

MARC details
000 -LEADER
fixed length control field 00339nam a22001337a 4500
003 - CONTROL NUMBER IDENTIFIER
control field SGT
020 ## - INTERNATIONAL STANDARD BOOK NUMBER
International Standard Book Number 978-93-84765-13-2
082 ## - DEWEY DECIMAL CLASSIFICATION NUMBER
Classification number 610.73677
Item number S16G
100 ## - MAIN ENTRY--PERSONAL NAME
Personal name GOYAL, M.C.
245 ## - TITLE STATEMENT
Title SOLVED EXAMINATION SERIES MEDICAL SURGICAL NURSING-1 FOR GNM 2ND YEAR
260 ## - PUBLICATION, DISTRIBUTION, ETC. (IMPRINT)
Place of publication, distribution, etc INDIA
Name of publisher, distributor, etc LOTUS PUB
Year of Publication 2016
300 ## - PAGE DESCRIPTION
No. of Pages 480
942 ## - ADDED ENTRY ELEMENTS (KOHA)
Source of classification or shelving scheme Dewey Decimal Classification
Koha item type Books
942 ## - ADDED ENTRY ELEMENTS (KOHA)
-- 26
Holdings
Withdrawn status Lost status Source of classification or shelving scheme Damaged status Not for loan Collection code Home library Current library Shelving location Date acquired SGTU Total Checkouts Full call number Accession No. (Barcode) Date last seen Date last borrowed Bill Date Koha item type
    Dewey Decimal Classification     NURSING SGT Medical Library SGT Medical Library Text Book 10/06/2019 SGTU 35 610.73677 S16G FN4027 13/08/2025 07/07/2025 10/06/2019 Books